000 00317nam a2200109Ia 4500
008 210430s9999 xx 000 0 und d
082 _a530 W848P
100 _aWolfson,Richard, Pasachoff Jay M
_954967
245 _aPhysics With Modern Physics
_cWolfson,Richard, Pasachoff Jay M
300 _a1243p.
942 _cBK
_2ddc
999 _c565895
_d565895